Cómo casarse con el hombre de sus sueños / (Registro nro. 11116)

Detalles MARC
000 -LIDER
fixed length control field 01082cam a2200361 i 4500
001 - NÚMERO DE CONTROL
Identificador de número de control 0000596
003 - IDENTIFICACDOR DE NÚMERO DE CONTROL
control field DO-SdBNP
005 - DATE AND TIME OF LATEST TRANSACTION
control field 20230511093651.0
007 - CAMPOS FIJOS DE DESCRIPCIÓN FÍSICA
fixed length control field 0000596
008 - ELEMENTOS DE LONGITUD FIJA
fixed length control field 100514s 2011 mx 000 f spa
015 ## - NÚMERO DENTRO DE LA BIBLIOGRAFÍA NACIONAL
National bibliography number
017 ## - NÚMERO DE REGISTRO DE DERECHOS DE AUTOR
Copyright or legal deposit number
Assigning agency
020 ## - ISBN
International Standard Book Number 9786071111371
035 ## - NÚMERO LOCAL
System control number
040 ## - FUENTE DE CATALOGACIÓN
Agencia que crea de manera original el registro BPMSU
Idioma de catalogación spa
Agencia que realiza la transcripción BPMSU
Convenciones de la despripción
080 ## - NÚMERO DE CLASIFICACIÓN DECIMAL UNIVERSAL
Universal Decimal Classification number
082 #4 - NÚMERO DE CLASIFICACIÓN DECIMAL DE DEWEY
Classification number 306.82
Item number K37c 2011
Edition number 22
100 1# - ASIENTO PRINCIPAL -- NOMBRE PERSONAL
Nombre personal Kent, Margaret
245 10 - MENCIÓN DE TITULO
Título Cómo casarse con el hombre de sus sueños /
Mención de responsabilidad Margaret Kent ; traducción Marcela de Narváez
260 ## - PUBLICACIÓN, DISTRIBUCIÓN, ETC. (PIE DE IMPRENTA)
Lugar de publicación, distribución, etc México:
Nombre del editor, distribuidor, etc. Santillana ediciones generales,
Fecha de publicación, distribución, etc 2011.
300 ## - DESCRIPCIÓN FÍSICA
Extensión 275 p.:
Dimensiones 19 cm
490 1# - MENCIÓN DE SERIES
Mención de serie Punto de lectura
Volume/sequential designation 158 / 1
534 ## - NOTA SOBRE LA VERSIÓN ORIGINAL
Asiento principal del original Título original :
Mención del título original How to marry the man of your dreams
590 ## - NOTA LOCAL
Enlace Inventariado, 2023/VM
648 ## - SUBJECT ADDED ENTRY--CHRONOLOGICAL TERM
Chronological term
650 #4 - ENCABEZAMIENTO DE MATERIA--TEMÁTICO
Término temático o nombre geográfico como elemento de entrada Elección de parejas
Subdivisión geográfica
650 #4 - ENCABEZAMIENTO DE MATERIA--TEMÁTICO
Término temático o nombre geográfico como elemento de entrada Relaciones de pareja
Subdivisión temática general Aspectos sociales
650 #4 - ENCABEZAMIENTO DE MATERIA--TEMÁTICO
Término temático o nombre geográfico como elemento de entrada Elección del cónyuge
700 12 - ASIENTO SECUNDARIO -- NOMBRE PERSONAL
Nombre personal Narváez, Marcela
Mención de responsabilidad trad.
830 #0 - ASIENTO SECUNDARIO DE SERIE--TÍTULO UNIFORME
Título uniforme Punto de lectura
Número de la parte o sección de una obra 158 / 1
910 ## - VALIDACIÓN
Validación YLOCKWARD/VMateo V. Control de calidad (BPMSU)
942 ## - ADDED ENTRY ELEMENTS (KOHA)
Source of classification or shelving scheme Dewey Decimal Classification
Koha item type Libros
Existencias
Withdrawn status Lost status Source of classification or shelving scheme Damaged status Not for loan Collection code Home library Current library Date acquired Source of acquisition Full call number Barcode Date last seen Price effective from Koha item type Copy number
    Dewey Decimal Classification     Colección General Biblioteca Pública Metropolitana Salomé Ureña Biblioteca Pública Metropolitana Salomé Ureña 08/08/2016 Alfaguara BPMSU CG 306.82 K37c 2011 BPMSU16080093 08/08/2016 08/08/2016 Libros  
    Dewey Decimal Classification     Colección General Biblioteca Pública Metropolitana Salomé Ureña Biblioteca Pública Metropolitana Salomé Ureña 08/08/2016 Alfaguara BPMSU CG 306.82 K37c 2011 BPMSU16080094 08/08/2016 08/08/2016 Libros e.2
    Dewey Decimal Classification     Colección General Biblioteca Pública Metropolitana Salomé Ureña Biblioteca Pública Metropolitana Salomé Ureña 08/08/2016 Alfaguara BPMSU CG 306.82 K37c 2011 BPMSU16080095 08/08/2016 08/08/2016 Libros e.3